| 000 | 00998nam a22002537a 4500 | ||
|---|---|---|---|
| 005 | 20240530110516.0 | ||
| 008 | 160204s2010 ua ao g b 000 0 ara d | ||
| 017 |
_a2010/11920 _bمصر . دار الكتب المصرية |
||
| 020 | _a9772013045 | ||
| 040 | _aEG-CaGPL | ||
| 082 | 0 | 4 |
_221 _a810\ _bم أ |
| 100 | 0 | _aمحمود قاسم | |
| 245 | 1 | 2 |
_aالأدب العربى المكتوب باللغة الفرنسية / _cمحمود قاسم |
| 260 |
_aالقاهرة : _bوزارة الثقافة : العلاقات الثقافية الخارجية ، _c2010 . |
||
| 300 |
_a332 ص: _bصور ؛ _c30 سم . |
||
| 504 | _aيشتمل على ارجاعات ببليوجرافية | ||
| 600 | 0 | 4 |
_aجورج حنين _vتراجم |
| 600 | 0 | 4 |
_aالبير قصيرى _vتراجم |
| 600 | 0 | 4 |
_aدرية شفيق _vتراجم |
| 600 | 0 | 4 |
_aأحمد راسم _vتراجم |
| 650 | 0 | 4 | _aالأدب العربى المترجم |
| 942 |
_2ddc _cBK |
||
| 999 |
_c61796 _d61796 |
||